[Event "Saintly Cup"]
[Site "Sydney"]
[Date "1999.01.22"]
[Round "1"]
[White "Rogers, Ian"]
[Black "Oral, Tomas"]
[Result "1-0"]
[WhiteElo "2618"]
[BlackElo "2521"]
[Annotator "Ftacnik,L"]
[PlyCount "77"]
[EventDate "1999.01.22"]
[EventType "tourn"]
[EventRounds "9"]
[EventCountry "AUS"]
[EventCategory "10"]
[SourceTitle "CBM 070"]
[Source "ChessBase"]
[SourceDate "1999.06.08"]
[SourceVersion "1"]
[SourceVersionDate "1999.06.08"]
[SourceQuality "1"]

1. d4 Nf6 2. c4 g6 3. Nc3 d5 4. Nf3 Bg7 5. Bf4 O-O 6. Rc1 dxc4 7. e4 c5 8. dxc5
Qa5 9. e5 Rd8 10. Nd2 $5 {[%mdl 4] An exciting novelty in a famous line, white
is playing with the well known ideas in a bit different packaging.} (10. Bd2
Ng4 11. Bxc4 Qxc5 12. Ne4 Qb6 13. Bxf7+ Kxf7 14. Rxc8 Rxc8 15. Nfg5+ Kg8 (15...
Ke8 16. Qxg4 Nd7 17. Nd6+ exd6 18. Qe6+ Kd8 19. exd6 {1-0 Ruzele,D-Roeber,B/
Gelsenkirchen/1999/ (19)}) 16. Qxg4 Qc6 17. Nd6 Qd7 18. Qh4 (18. Qxd7 Nxd7 19.
Nxc8 Rxc8 20. f4 Rc2 21. Ke2 Bh6 22. Nf3 Rxb2 23. g3 g5 {1/2-1/2 Petrosian,
T-Benko,P/Curacao/1962/ (23)}) 18... exd6 (18... h6 19. Nxc8 hxg5 20. Qc4+ e6
21. Nd6 Bxe5 22. Ne4 Nc6 23. O-O Bxb2 24. Bxg5 {1-0 Dzindzichashvili,R-Gutman,
L/USSR/1972/ (31)}) 19. Qxh7+ Kf8 20. Qxg6 Kg8 21. Qh7+ Kf8 22. Qg6 Kg8 23. O-O
Rc5 24. f4 Nc6 25. f5 Rxe5 26. Qh7+ {1-0 Borisenko,G-Tukmakov,V/USSR/1971/ (26)
}) 10... Ng4 (10... Nh5 11. Be3 Bxe5 12. Bxc4 Nf4 13. O-O Be6 $13) 11. Bxc4
Qxc5 (11... Nxe5 $5 12. Bxe5 Bxe5 13. Qf3 e6) 12. Nce4 Qd4 13. Bxf7+ (13. Qf3
Nxe5 14. Bxe5 Qxe5 15. Bxf7+ Kh8 16. O-O Nc6 $15) 13... Kxf7 14. Rxc8 (14. Qb3+
Kf8 $1 (14... Be6 $5 15. Ng5+ Ke8 16. Nxe6 Qxf2+ 17. Kd1 Bxe5 18. Nxd8 Bxf4 19.
Qg8+ Kd7 20. Qd5+ Ke8 $13) (14... e6 $2 15. Rxc8 Rxc8 16. Ng5+ Ke7 17. Qxe6+
Kd8 18. Qg8+ $18) 15. Rxc8 Rxc8 16. Ng5 Rc1+ $1 17. Ke2 Qxf2+ 18. Kd3 Nxe5+ 19.
Bxe5 Bxe5 20. Ne6+ Ke8 21. Rxc1 Qf5+ $13) 14... Rxc8 15. Qxg4 Rc1+ 16. Ke2 Rc6
$1 {Black has to be polite, since white wanted to use his home preparation for
the beautiful attack after the sacrifice of both rooks.} (16... Rxh1 17. Qc8 $3
Bf8 (17... Bf6 18. exf6 h6 19. fxe7 Kxe7 20. Qxb7+ $18) (17... Bxe5 18. Ng5+
Kg7 19. Ne6+ $16) (17... Bh6 18. Bxh6 Qxe5 19. Qxb7 Qh5+ 20. Nf3 Qxh6 21. Nfg5+
Kf8 22. Ne6+ Kg8 23. Qc8+ Kf7 24. N4g5+ Kf6 25. Qc3+ Kf5 26. Qd3+ Kf6 27. Qd4+
Kf5 28. Qf4#) 18. Ng5+ Kg8 19. Qe6+ Kh8 20. Qf7 $18) 17. Qf3 Ke8 $6 (17... Qa4
$5 $13) 18. Qb3 Na6 (18... Qb6 19. Qg8+ Bf8 20. Ng5 $40) 19. Qg8+ (19. Qxb7
Rac8 $15) 19... Bf8 (19... Kd7 $2 20. Qxa8 $18) 20. Bh6 Kd7 21. Rd1 $2 (21.
Bxf8 $1 Qxe5 (21... Rc2 22. f3 $16) 22. Qg7 $18) 21... Kc7 $2 {Both parties
are oblivious to their chances and play innacurately.} (21... Bxh6 $5 22. Qxa8
Kc7 $13) (21... Rc2 $1 22. Ke1 (22. e6+ $2 Kc7 23. Ke1 Bxh6 24. Qxa8 Nc5 $19)
22... Bxh6 23. Qxa8 Kc7 $15) 22. Bxf8 Nc5 23. Nc3 $1 (23. Qf7 Nxe4 24. Qxe7+
Kb6 25. Qb4+ Qxb4 26. Bxb4 $16) 23... Qxe5+ $2 (23... Qd3+ $5 24. Ke1 Qf5 25.
Nd5+ Kd7 26. Nf6+ Kc7 $16 (26... exf6 27. Qd5+ $18)) 24. Kf1 Rd8 25. Bg7 Qf5 (
25... Rxg8 26. Bxe5+ $18) 26. Nb5+ Kc8 27. Nxa7+ Kc7 28. Be5+ $3 {This
beautiful idea will help to exchange most pieces by force, leaving white in a
knight endgame with a spare pawn.} Qxe5 29. Qxd8+ (29. Nxc6 bxc6 30. Qxd8+ $18)
29... Kxd8 30. Nxc6+ bxc6 31. Nc4+ Qd5 32. Ke2 Kc7 (32... Qxd1+ 33. Kxd1 $18)
33. Rxd5 cxd5 34. Ne5 Kd6 35. Nf7+ Ke6 36. Ng5+ Kf5 (36... Ke5 37. Nxh7 $18)
37. Nxh7 Na4 38. Kd3 $1 Nxb2+ (38... e5 39. b4 $18) 39. Kd4 (39. Kd4 e6 40. Nf8
$18) 1-0

[Event "Tan Chin Nam Cup 5th"]
[Site "Shenyang"]
[Date "1999.07.09"]
[Round "2"]
[White "Dreev, Alexey"]
[Black "Krasenkow, Michal"]
[Result "1/2-1/2"]
[WhiteElo "2679"]
[BlackElo "2647"]
[Annotator "Ftacnik,L"]
[PlyCount "73"]
[EventDate "1999.07.08"]
[EventType "tourn"]
[EventRounds "9"]
[EventCountry "CHN"]
[EventCategory "13"]
[SourceTitle "CBM 073"]
[Source "ChessBase"]
[SourceDate "1999.12.01"]
[SourceVersion "1"]
[SourceVersionDate "1999.12.01"]
[SourceQuality "1"]

1. d4 Nf6 2. c4 g6 3. Nc3 d5 4. Nf3 Bg7 5. Bf4 O-O 6. Rc1 dxc4 7. e3 Be6 8. Ng5
Bd5 9. e4 h6 10. exd5 hxg5 11. Bxg5 Nxd5 12. Bxc4 Nb6 13. Bb3 Nc6 14. Ne2 Na5
15. Bc2 Qd5 16. h4 Qxg2 (16... e5 17. Nc3 Qxd4 18. Qe2 (18. Qf3 $5 Rae8 19. h5
e4 20. Qh3 e3 $1 21. fxe3 Nac4 22. Rd1 (22. hxg6 $2 Qd2+ 23. Kf1 fxg6+) 22...
Rxe3+ $1 23. Bxe3 Qxe3+ 24. Qxe3 Nxe3 25. Rd2 Nbc4 26. Re2 Nxc2+ 27. Rxc2 Nxb2
{1/2-1/2 Kakageldyev,A-Tukmakov,V/Ashkhabad/ 1978/ (41)}) 18... e4 19. h5 Nbc4
20. Rd1 Qe5 21. Nxe4 f6 22. h6 Bh8 23. h7+ Kf7 24. Rd7+ Ke8 25. Rd5 Qe6 26.
Nxf6+ Kf7 27. Bxg6+ Kxg6 28. Qxe6 {1-0 Terentiev,V-Gufeld,E/Krasnodar/1966/ 
(28)}) 17. Rg1 Qf3 18. h5 $5 {[%mdl 4] Quite surprisingly the line with 14.Ne2
is coming into fashion again. The assymetrical position offers enough sharp
ideas, but both sides are exposed to dangers.} (18. Qd3 Qxd3 19. Bxd3 Nc6 20.
h5 Rfd8 21. Be4 Nxd4 22. Nxd4 Rxd4 23. Bxb7 Rb8 24. Bf3 Nd5 {1/2-1/2 Andersson,
U-Sax,G/Biel/1985/ (38)}) 18... Nbc4 $6 (18... Qxh5 19. Be4 $5 (19. Bxe7 $2
Rfe8 20. Bc5 Nac4 21. b3 Bh6 $19) 19... Nc6 20. Qd3 $36) (18... Nac4 19. Nc3
Qxd1+ (19... Qc6 20. b3 $14) 20. Nxd1 $14) 19. b3 (19. Nc3 $5 Qxd1+ (19... Qc6
20. b3 Nd6 21. Bb1 $16) 20. Nxd1 f6 (20... Bxd4 21. hxg6 Nxb2 22. Rg4 Nc6 23.
gxf7+ Kxf7 24. Bb3+ Ke8 25. Rxc6 bxc6 26. Rxd4 e5 27. Rd2 $16) 21. Be3 $16)
19... Nd6 (19... Na3 20. Bd3 $1 (20. Bxe7 Rfe8 21. Be4 $1 (21. Bxa3 $2 Bxd4 22.
Rg2 Qxg2 23. Qxd4 Rad8 24. Be4 Qg4 $19) 21... Qxe4 22. Bxa3 Nc6 23. hxg6 fxg6
$11) 20... Nc6 21. hxg6 e5 22. Be3 $14) 20. Qd3 (20. hxg6 fxg6 21. Be3 Nc6 (
21... Nf5 22. Bxf5 Rxf5 23. Rxc7 $16) 22. Bxg6 Nf5 $14) (20. Bxe7 $2 Rae8 21.
Bxf8 Bxd4 22. Rg2 Rxe2+ 23. Qxe2 Qxg2 24. Bh6 Bc3+ 25. Bd2 Qh1+ 26. Qf1 Qxf1+
27. Kxf1 Bxd2 $19) 20... Qxd3 21. Bxd3 Nc6 22. hxg6 fxg6 (22... e5 23. gxf7+
Rxf7 24. Rxc6 bxc6 25. dxe5 Nc8 26. Bc4 $18) 23. Bxg6 {It would be unwise not
to respect white's achievement. Dreev has kept bishops pair while opening the
position and even coming close to black king.} (23. Be3 Nb4 24. Bxg6 c6 $14)
23... Nxd4 24. Nxd4 (24. Bh5 Nc6 25. Bg4 Kf7 26. Bf3 Nf5 $14) 24... Bxd4 25.
Rg2 (25. Rc2 e6 $14) 25... Kg7 26. Bd3 (26. Bxe7 Rxf2 27. Rxf2 (27. Rg4 Bb6 $14
) 27... Bxf2+ 28. Kxf2 Kxg6 29. Rxc7 Nf5 30. Rxb7 $16) 26... Bf6 (26... Kf7 27.
Rxc7 Rae8 28. Bc4+ Nxc4 29. bxc4 b6 30. Rxa7 Bc5 $14) 27. Bf4+ (27. Rxc7 Bxg5
28. Rxg5+ Kf7 29. Re5 Rfe8 30. Bb5 Nxb5 31. Rf5+ Ke6 32. Rxb5 b6 $14) 27... Kf7
28. Rxc7 Ke6 $1 {Krasenkow fights for his life with timely show of courage
with his king.} (28... Rad8 29. Bxd6 Rxd6 30. Bc4+ Ke8 31. Rxb7 $16) 29. Be2 (
29. Bxd6 Kxd6 30. Rxb7 Rfb8 $14) 29... Bc3+ $1 30. Rxc3 Rxf4 31. Re3+ Re4 (
31... Kf6 32. Bd3 $14) 32. Rg6+ Kf7 33. Rxe4 (33. Rxd6 $2 Rxe3 $17) 33... Nxe4
34. Rh6 Nd6 35. Bh5+ Kg7 36. Rg6+ Kf8 37. Bg4 (37. Bg4 Kf7 38. Rh6 Kg7 $11)
1/2-1/2

[Event "Moscow Aeroflot op"]
[Site "Moscow"]
[Date "2002.02.09"]
[Round "7"]
[White "Riazantsev, Alexander"]
[Black "Macieja, Bartlomiej"]
[Result "1-0"]
[WhiteElo "2511"]
[BlackElo "2612"]
[Annotator "Ftacnik,L"]
[PlyCount "69"]
[EventDate "2002.02.04"]
[EventType "swiss"]
[EventRounds "9"]
[EventCountry "RUS"]
[SourceTitle "CBM 088"]
[Source "ChessBase"]
[SourceDate "2002.03.21"]
[SourceVersion "1"]
[SourceVersionDate "2002.03.21"]
[SourceQuality "1"]

1. d4 Nf6 2. c4 g6 3. Nc3 d5 4. Nf3 Bg7 5. Bf4 c5 6. dxc5 Qa5 7. cxd5 Nxd5 8.
Qxd5 Bxc3+ 9. Bd2 Be6 10. Qxb7 Bxd2+ 11. Nxd2 O-O 12. b4 Qa4 13. e3 Nd7 14. a3
Rfd8 (14... Rad8 15. Qa6 Qc2 16. Qd3 Qxd3 17. Bxd3 Nxc5 18. Bc2 $16) 15. Qa6 (
15. Bb5 Qc2 16. Qe4 Qxd2+ $1 17. Kxd2 Nxc5+ 18. Qd4 Nb3+) 15... Qc2 16. Qd3
Qxd3 (16... Qa4 17. Qc3 a5 18. Rc1 axb4 19. axb4 Nf6 20. Bc4 (20. e4 Rab8 21.
b5 Nxe4 22. Nxe4 Qxe4+ 23. Qe3 Qb4+ $17) 20... Bxc4 21. Qxc4 Nd5 22. Rb1 Qa2
23. c6 $6 (23. Qxa2 Rxa2 24. Nf3 Rb8 $5 25. O-O Rxb4 26. Rxb4 Nxb4 $14) 23...
Nxe3 $1 24. Qxa2 Rxa2 {1/2-1/2 Van Wely,L-Kamsky,G/Groningen 1995/ (31)}) 17.
Bxd3 Nxc5 18. Bc2 Nd3+ 19. Bxd3 Rxd3 20. Nf3 {[%mdl 4096] White can still hope
to succeed with a spare pawn, but black pieces are very active and he has
every right to count on counterplay.} (20. Ke2 Rd5 21. Nf3 a5 22. Nd4 Bd7 23.
Rhc1 e5 24. Nb3 axb4 25. axb4 Rb8 26. Rc5 {1/2-1/2 Mah,K-Lalic,B/London 1999/ 
(26)}) 20... a5 (20... Rad8 21. O-O f6 22. Nd4 Bf7 23. Rfc1 e5 24. Nb5 R8d7 25.
Rc8+ $14) 21. b5 (21. Ke2 Rd6 (21... Rb3 22. Nd2 Rb2 23. Rhb1 $16) (21... Bc4
$2 22. Ne5 Rd4+ 23. Nxc4 Rxc4 24. Rac1 $16) 22. Rhd1 $16) 21... a4 $1 (21...
Bd5 22. a4 Bxf3 23. gxf3 Rad8 24. Rg1 $16) 22. O-O Bb3 $6 {Macieja is slowly
drifting in the wrong direction. The bishop truly belonged to b3 square, but
not just now.} (22... Rb8 $1 23. Nd4 Bb3 24. Rab1 (24. Rfb1 e5 25. Nxb3 Rxb5 $1
$11) 24... Bd5 25. Nc6 Bxc6 26. bxc6 Rc8 $11) 23. Rfc1 Rb8 (23... Rd5 24. Rc7
Rxb5 (24... Rad8 25. Rac1 Rxb5 26. Nd4 Rbd5 27. Rxe7 $16) 25. Nd4 Rb6 26. Rxe7
Rc8 27. h4 $14) 24. Rc5 f6 (24... Rd5 $1 25. Rxd5 Bxd5 26. Rb1 (26. Nd4 e5 27.
Ne2 Rxb5 28. Nc3 Ra5 29. Rd1 Bc6 $11) 26... Rc8 27. b6 Rc3 28. Kf1 Bb7 $11) 25.
Nd4 e5 26. Nc6 Rb6 27. h4 $1 {Solving the problem with basic rank.} Be6 (27...
Kf7 28. Nb4 Rd2 29. Rac1 $16) 28. Nb4 Rd7 (28... Rb3 29. Rc6 Rxc6 30. bxc6 Kf7
31. Rc1 Rxa3 32. c7 Bc8 33. Nc6 Ra2 34. Na7 $16) 29. Rc6 Rdb7 (29... Rxc6 30.
bxc6 Rc7 31. Rc1 $16) 30. Rd1 Bf7 31. Rdd6 Rxb5 (31... Rxc6 32. bxc6 Rc7 33.
Rxf6 $18) 32. Rxf6 Rd7 33. Ra6 Bb3 34. Rfc6 Rd1+ 35. Kh2 1-0

[Event "Tan Chin Nam Cup 7th"]
[Site "Shanghai"]
[Date "2001.07.17"]
[Round "8"]
[White "Sokolov, Ivan"]
[Black "Krasenkow, Michal"]
[Result "1/2-1/2"]
[WhiteElo "2659"]
[BlackElo "2573"]
[Annotator "Ftacnik,L"]
[PlyCount "69"]
[EventDate "2001.07.09"]
[EventType "tourn"]
[EventRounds "9"]
[EventCountry "CHN"]
[EventCategory "16"]
[SourceTitle "CBM 085"]
[Source "ChessBase"]
[SourceDate "2001.11.13"]
[SourceVersion "1"]
[SourceVersionDate "2001.11.13"]
[SourceQuality "1"]

1. d4 Nf6 2. c4 g6 3. Nc3 d5 4. Nf3 Bg7 5. Bf4 O-O 6. Rc1 dxc4 7. e3 Be6 8. Ng5
Bd5 9. e4 h6 10. exd5 hxg5 11. Bxg5 Nxd5 12. Bxc4 Nb6 13. Bb3 Nc6 14. Ne2 a5
15. a3 a4 (15... Nxd4 16. Nxd4 Qxd4 17. Qxd4 Bxd4 18. Rxc7 e6 19. O-O a4 20.
Ba2 Rac8 (20... Rfc8 $1 21. Rxb7 Rc2 22. Be3 Bxe3 23. fxe3 Rxb2 24. Rf2 Rxf2
25. Kxf2 Nd5 $11) 21. Rxb7 Rc2 22. Be3 Bxe3 23. fxe3 Nd5 24. Bxd5 exd5 25. Rf4
{1-0 Babula,V-Ftacnik,L/CZE/2001/ (37)}) 16. Ba2 Rc8 {[%mdl 4] This line is a
topic of a fierce theoretical discussion, black seems to be holding his own.} (
16... Ra5 17. Qd2 Rf5 18. O-O Nxd4 19. Nxd4 Bxd4 20. Bxe7 Rxf2 21. Rxf2 Bxf2+
22. Qxf2 Qxe7 23. Qg3 Qe4 24. Rxc7 Nd5 25. Bxd5 {1/2-1/2 Babula,V-Vorobiov,E/
Pardubice/2001/ (25)}) 17. d5 (17. Be3 Qd7 18. d5 Ne5 19. O-O $14) 17... Na5
18. Nc3 (18. Rc5 $5 Nb3 19. Bxb3 axb3 20. Qxb3 Qd7 21. O-O Qg4 22. Qe3 Bxb2 $14
) 18... Nb3 (18... c6 $2 19. Nxa4 (19. dxc6 Qxd1+ 20. Rxd1 Rxc6 $11) 19... Nxa4
20. Qxa4 Bxb2 21. Rc2 $16) 19. Bxb3 axb3 20. Qxb3 Bxc3+ $1 {Brave choice when
unususal pawn assymetry and slightly unsafe kingide would discourage many from
trading the bishop in. Black will get very solid position with nearly equal
chances.} 21. Qxc3 (21. bxc3 $5 Qxd5 22. Qxd5 Nxd5 23. c4 Nb6 24. Be3 Rfd8 25.
Ke2 $14) 21... Nxd5 22. Qb3 Qd7 23. O-O (23. Qxb7 $2 Qe6+ 24. Kf1 Rb8 $15)
23... c6 24. Rfe1 Rc7 25. Qf3 (25. Qg3 Qd6 26. Qh4 Rd7 27. Rcd1 f6 28. Bd2 $14)
25... Rd8 26. Rcd1 f6 $1 27. Be3 (27. Bd2 b6 28. b4 e5 29. Be3 $14) 27... Qc8
28. h4 Nxe3 29. Qxe3 (29. Rxe3 Rxd1+ 30. Qxd1 Kg7 31. h5 $14) 29... Kg7 30. h5
(30. Rxd8 Qxd8 31. h5 gxh5 $11) 30... Rxd1 31. Rxd1 Qg4 32. Rd8 Rd7 (32... Qxh5
33. Qe6 Qe5 34. Rg8+ Kh6 35. Qf7 Qe1+ 36. Kh2 Qe5+ $11) (32... gxh5 33. Qd3 $13
) 33. f3 Qf5 34. hxg6 Kxg6 35. Rxd7 1/2-1/2

[Event "RUS-Cup final"]
[Site "Samara"]
[Date "1998.08.29"]
[Round "1"]
[White "Dreev, Alexey"]
[Black "Dvoirys, Semen I"]
[Result "1/2-1/2"]
[WhiteElo "2645"]
[BlackElo "2585"]
[Annotator "Ftacnik,L"]
[PlyCount "67"]
[EventDate "1998.08.??"]
[EventType "tourn"]
[EventRounds "11"]
[EventCountry "RUS"]
[SourceTitle "CBM 067"]
[Source "ChessBase"]
[SourceDate "1998.11.30"]
[SourceVersion "2"]
[SourceVersionDate "1998.11.01"]
[SourceQuality "1"]

1. d4 Nf6 2. c4 g6 3. Nc3 d5 4. Nf3 Bg7 5. Bf4 O-O 6. Rc1 dxc4 7. e4 c5 8. dxc5
Qa5 9. e5 Rd8 10. Bd2 Ng4 11. Bxc4 (11. Ne4 Qc7 12. Bxc4 Nxe5 13. Nxe5 Qxe5 14.
Qe2 Bf5 15. Ng5 Qxe2+ 16. Kxe2 e6 17. Bc3 Bxc3 18. Rxc3 Nc6 19. h3 Ne5 {
1/2-1/2 Klee,H-Bauer,M/BL2-S 1993 (43)}) 11... Nc6 (11... Qxc5 12. Ne4 Qb6 13.
Bxf7+ (13. O-O Nc6 14. e6 {1/2-1/2 Savchenko,S-Bagirov,V/Berliner Sommer16 1998
}) 13... Kxf7 14. Rxc8 Rxc8 15. Nfg5+ Kg8 16. Qxg4 Qc6 17. Nd6 Qd7 18. Qh4 (18.
Qxd7 Nxd7 19. Nxc8 Rxc8 20. f4 Rc2 21. Ke2 Bh6 22. Nf3 Rxb2 23. g3 g5 {1/2-1/2
Petrosian,T-Benko,P/Curacao ct 1962}) 18... exd6 (18... h6 19. Nxc8 hxg5 20.
Qc4+ e6 21. Nd6 Bxe5 22. Ne4 Nc6 23. O-O Bxb2 24. Bxg5 {1-0 Dzindzihaschvili,
R-Gutman,L/USSR 1972 (30)}) 19. Qxh7+ Kf8 20. Qxg6 Kg8 21. Qh7+ Kf8 22. Qg6 Kg8
23. O-O Rc5 24. f4 Nc6 25. f5 Rxe5 26. Qh7+ {1-0 Borisenko,G-Tukmakov,V/USSR
1971}) 12. Nb5 Rxd2 13. Qxd2 Qxd2+ 14. Kxd2 {[%mdl 4] Strangely enough white's
latest hope in this variation is connected with the immediate return of the
exchange. The praxis has proven, that taking with the knight is not promising
at all.} (14. Nxd2 Ngxe5 15. O-O Bf5 16. Rcd1 (16. Na3 Nd3 17. Bxd3 Bxd3 18.
Nac4 Bxf1 19. Kxf1 Nb4 20. Ke2 Nxa2 21. Ra1 Nb4 22. Nb6 Rb8 23. Rxa7 Bxb2 24.
Ndc4 Nc6 {Kraidman,Y-Dvoirys,S/Peer Gynt 1991/0-1 (53)}) 16... Bc2 17. Rc1 Bf5
18. Rcd1 Bc2 $13 {1/2-1/2 Van Wely,L-Khalifman,A/Ter Apel 1993}) 14... Bh6+ (
14... Ngxe5 15. Nxe5 Bxe5 $1 16. Ke3 $1 Bf5 (16... Bxb2 17. Rb1 $16) 17. Nc3
Bd4+ 18. Ke2 Bxc5 19. Rhd1 Bd4 20. h3 h5 21. Bd3 (21. Bd5 $142 e5 22. b3 $16)
21... Be6 22. Be4 Be5 23. Ke3 g5 {1/2-1/2 Dreev,A-Khalifman,A/Presidents Cup
1998 (62)}) (14... Nxf2 $140 $2 15. Rhf1 Ng4 16. Nc7 Rb8 17. e6 $16) 15. Ke2 (
15. Kc2 Bf5+ 16. Kc3 Nxf2 $11) 15... Bxc1 16. Rxc1 Ngxe5 17. Nxe5 Nxe5 18. Bd5
Bd7 (18... g5 19. Rd1 $14) 19. Nd4 Nc6 (19... Bc6 $6 20. Nxc6 bxc6 21. f4 Rb8
22. Rc2 e6 23. Bb3 $16) 20. Rd1 {White has pressure against b7 pawn,
centralized pieces (including the king) and the queenside majority.} Rb8 (20...
Nxd4+ $2 21. Rxd4 Bc6 22. Bxc6 bxc6 23. Rd7 $16) 21. a3 (21. Nxc6 bxc6 22. Bb3
(22. Bxf7+ Kxf7 23. Rxd7 Rxb2+ $15) 22... Bg4+ 23. f3 Be6 24. Bxe6 Rxb2+ 25.
Rd2 Rxd2+ 26. Kxd2 fxe6 $11) 21... a5 22. Ke3 Kf8 23. Rd3 (23. Nxc6 bxc6 24.
Bf3 Ke8 $11) 23... Ne5 24. Rb3 Rc8 25. Rc3 (25. Rxb7 Rxc5 26. Bf3 Bc8 $11)
25... Ng4+ 26. Ke2 (26. Kd2 $2 Rd8 $1 27. h3 (27. Bxb7 Bb5 $19) 27... Nxf2 28.
Ke2 Bc8 $17) 26... Rc7 {[%mdl 256] Dvoirys has done well in the defense, his
pieces have been heavily improved.} 27. Nb3 (27. b4 axb4 28. axb4 Nf6 29. Bc4 (
29. Bf3 e5 $17) 29... Bc6 $11) 27... Nf6 (27... a4 28. Na5 Bb5+ 29. Ke1 Ne5 30.
Be4 f5 $13) 28. Bf3 e5 29. Ke3 (29. c6 bxc6 30. Ke3 a4 31. Nc5 $11) 29... Bf5
30. g4 (30. Nxa5 $2 e4 31. Be2 Nd5+ $17) 30... Bxg4 (30... e4 31. gxf5 exf3 32.
Kxf3 a4 33. Nd4 Nd7 34. fxg6 hxg6 35. b4 axb3 36. Nxb3 $14) 31. Nxa5 Bxf3 32.
Kxf3 e4+ 33. Ke2 (33. Kg2 Nd5 34. Rc4 f5 $132) 33... Nd5 34. Rc4 (34. Rc4 f5
35. b4 $13) 1/2-1/2

[Event "Hoogovens"]
[Site "Wijk aan Zee"]
[Date "1996.01.27"]
[Round "12"]
[White "Van Wely, Loek"]
[Black "Shirov, Alexei"]
[Result "1-0"]
[WhiteElo "2570"]
[BlackElo "2690"]
[Annotator "Ftacnik,L"]
[PlyCount "121"]
[EventDate "1996.01.13"]
[EventType "tourn"]
[EventRounds "13"]
[EventCountry "NED"]
[EventCategory "17"]
[SourceTitle "CBM 051"]
[Source "ChessBase"]
[SourceDate "1996.04.01"]
[SourceVersion "1"]
[SourceVersionDate "1996.04.01"]
[SourceQuality "1"]

1. d4 Nf6 2. c4 g6 3. Nc3 d5 4. Nf3 Bg7 5. Bf4 O-O 6. Rc1 c5 7. dxc5 Be6 8. Nd4
Nc6 9. Nxe6 fxe6 10. e3 (10. cxd5 Nxd5 11. Bd2 Nxc3 12. Bxc3 Qxd1+ (12... Bxc3+
13. Rxc3 Qxd1+ 14. Kxd1 Rxf2 15. Rf3 Rd8+ 16. Ke1 Rxf3 17. exf3 Kf7 $1 $17 {
Vargyus,Z-Lengyel,L/HUN/1963/}) 13. Rxd1 Bxc3+ 14. bxc3 Rf5 $10 15. g3 Rxc5 16.
Bh3 e5 {1/2-1/2 van Wely,L-Yermolinsky,A/Groningen/1993/ (49)}) 10... Qa5 (
10... e5 11. cxd5 exf4 12. dxc6 bxc6 13. Bc4+ Kh8 14. Qxd8 Raxd8 15. exf4 Nd7
16. g3 Nxc5 17. O-O e5 18. b4 Nd3 19. Bxd3 Rxd3 20. fxe5 Bxe5 21. Ne4 Rd4 22.
Nc5 Rxb4 23. Nd3 Re4 24. Rxc6 {1-0 Garcia Gonzales,G-Tomaszewski,R/Polanica
Zdroj/1987 (39)}) 11. Qa4 (11. Be2 e5 (11... Ne4 $6 12. O-O (12. cxd5 Rad8 13.
O-O Bxc3 14. bxc3 Nxc3 15. Qc2 Nxe2+ 16. Qxe2 exd5 17. Rfd1 e5 18. Bg5 Rd7 19.
Qg4 Rdf7 20. Bh6 Re8 21. Qe2 Qd8 22. e4 d4 {0-1 Fuster,G-Jimenez Zerquera,E/
Havana Panamerican ;MCL 02 1966 (39)}) 12... Nxc3 (12... Bxc3 13. cxd5 Bxb2 14.
dxc6 Bxc1 15. cxb7 Nc3 16. bxa8=Q Rxa8 17. Qc2 Nxe2+ 18. Qxe2 Qxc5 19. h4 Rc8
20. Qa6 Kf7 21. Be5 Rd8 22. Bd4 Qa3 23. Qe2 Rc8 24. Qf3+ Ke8 25. Qb7 Rc2 26.
Qb5+ Kd8 27. Bxa7 Qxa2 28. Rd1+ {1-0 Judovich sr,M-Altschuler,R/corr 2/597 1966
}) 13. bxc3 Qxc5 14. cxd5 exd5 15. Rb1 $1 $146 (15. Qb3 e5 $13) 15... Rad8 16.
Rxb7 Bxc3 17. Rb5 Qa3 18. Rxd5 Qxa2 19. Bf3 $1 {1-0 Garcia Gonzales,G-Milos,G/
La Habana/1986} (19. Bf3 $1 Kh8 (19... e6 20. Rd7 $1) (19... Bf6 20. Bh6 Rfe8
21. Rd7 $1) 20. Qc1 $1 Rxd5 21. Qxc3+ e5 22. Qxc6 $18 {Vilela,J})) (11... Rad8
12. Qa4 Qxc5 13. O-O Qb6 14. Qb5 Qxb5 15. cxb5 Nb8 16. Bc7 Rc8 17. Na4 Nbd7 18.
b6 axb6 19. Bb5 Ra8 20. b4 Ra7 21. g4 h6 22. h4 Nb8 23. Bxb6 Ra8 24. Nc5 Kf7
25. g5 {1-0 Brinck Claussen,B-Conquest,S/Copenhagen op (08) ;EXT 87op 1987 (36)
}) 12. cxd5 exf4 13. dxc6 bxc6 14. Qa4 Qxa4 15. Nxa4 fxe3 16. fxe3 Bh6 17. Bf3
Bxe3 18. Rc3 Bd4 19. Rc4 Rad8 20. Bxc6 Ng4 21. Rc2 Nf2 {1/2-1/2 Kavalek,
L-Ribli,Z/Las Palmas/1973 (44)}) 11... Qxc5 12. Be2 (12. Qb5 Qxb5 13. cxb5 Na5
14. Be2 Rac8 15. O-O Nc4 16. b3 Nd6 17. Na4 Nd7 18. b4 Ne4 19. Bc7 Nc3 20. Nxc3
Rxc7 21. Bg4 Bxc3 22. Bxe6+ Kg7 23. Bxd7 e5 {1/2-1/2 Ragozin,V-Mikenas,V/
URS-ch12 Moscow/1940}) 12... d4 13. exd4 Nxd4 14. Be3 Rad8 15. O-O Qe5 (15...
a6 16. Kh1 Qc7 $1 $10 {Botvinnik/}) 16. Bxd4 Rxd4 17. Rce1 {Black suffers
somewhat because of the e7,e6 P. His chances lay mainly in the counterplay,
f2P looks like a suitable target.} Rd2 (17... a6 18. Bg4 $16) 18. Bf3 (18. Bg4
Nxg4 19. Rxe5 Bxe5 $132) 18... Qd4 19. Rd1 $1 (19. Bxb7 $6 Rxb2 20. Nb5 Qb6 21.
Bf3 $10) 19... Bh6 20. Rxd2 (20. Bxb7 Ng4 21. Rxd2 Bxd2 22. Bf3 Ne5 $132) 20...
Bxd2 21. Rd1 Qe5 (21... Rd8 22. Qc2 $1 $16) 22. Nb1 Ba5 (22... Bf4 23. g3 Bh6
24. Qxa7 Qxb2 25. Qxb7 $16) 23. b4 Bc7 24. g3 {The queenside majority is
rather unpleasant since black's counterplay is still absent.} a5 (24... Ne4 $5
25. Qb3 (25. Bxe4 Qxe4 26. c5 $14) 25... Qf5 26. Rd3 Ng5 27. Nd2 e5) 25. a3
axb4 26. axb4 h5 (26... Ne4 27. Qb3 Qf5 28. Bxe4 Qxe4 29. Qd3 $14) 27. Qc2 Kg7
28. Nc3 h4 29. Nb5 hxg3 30. hxg3 Bb8 31. Qd2 (31. Bxb7 $6 Ng4) 31... Ne4 (31...
Ne8 32. Nd4 Nd6 33. c5 $18) 32. Bxe4 Qxe4 33. Qd4+ Qxd4 (33... Qe5 34. Re1 $16)
34. Rxd4 {Black can expect only the sheer suffering since the N is more
valuable than the poor Bb8.} Rc8 35. c5 b6 $1 (35... Kf6 36. Rd7 b6 37. cxb6
Rc4 38. b7 Rxb4 39. Rd8 Rxb5 40. Rxb8 $16) 36. Rc4 (36. cxb6 Rc6 37. b7 Rb6 $10
) 36... bxc5 37. bxc5 Kf6 (37... Rc6 38. Nd4 Rc8 39. c6 Kf6 40. Nb5) 38. c6 Bd6
39. Kg2 Ke5 40. c7 Kd5 41. Rc2 e5 42. Kf3 e4+ 43. Kg4 Ke6 44. Kg5 e3 (44... Kf7
45. Rc4 e3 46. Nxd6+ exd6 47. fxe3 $18) 45. Re2 Bxc7 46. Rxe3+ Kd7 (46... Be5
47. f4 Rc5 48. Nd4+ $18) 47. Rd3+ Bd6 (47... Kc6 48. Na7+ $18) (47... Ke8 48.
Rc3 $18) 48. Kxg6 Ke6 49. Nxd6 exd6 50. g4 Ke5 (50... Rg8+ 51. Kh5 Rh8+ 52. Kg5
Rg8+ 53. Kf4 Rf8+ 54. Kg3 Ke5 55. Re3+ Kd4 56. Re7 $18) 51. g5 d5 52. Kh7 Rc7+
53. Kh6 Rc2 54. Rf3 $1 Ke4 55. Rf8 Rc1 56. g6 Rh1+ 57. Kg5 Rg1+ 58. Kf6 Rf1 59.
Re8+ Kd4 (59... Kd3 60. Re3+ (60. g7 Rxf2+ 61. Ke6 Re2+ 62. Kd7 Rg2 63. g8=Q
Rxg8 64. Rxg8 d4 65. Kd6 Ke3 66. Kd5 d3 67. Rg3+ Ke2 68. Rg2+ Ke1 69. Ke4 d2
70. Ke3 $18) 60... Kd2 61. Rg3 Rxf2+ 62. Ke7 Re2+ 63. Kd7 Rf2 64. g7 Rf7+ 65.
Ke6 Rxg7 66. Rxg7 d4 67. Kd5 $18) 60. Re2 Kd3 61. Ra2 1-0